000 01256aam a2200241 a 4500
003 AR-RoUNCS
005 20260624151847.0
007 ta
008 151217s2014 ag |r 00| j spa d
020 _a978-987-07-2688-3
040 _aAR-RoUNCS
_bspa
_cAR-RoUNCS
041 _aspa
100 1 _aArlt, Roberto,
_d1900-1942
_eautor
245 1 3 _aEl jorobadito :
_by otros cuentos /
_cArlt.
250 _a1a ed.
260 _aBuenos Aires :
_bClarín,
_cc2014.
300 _a94 p. ;
_c18 cm.
505 0 0 _tEl jorobadito --
_tAcuérdate de Azerbaijan --
_tLas fieras --
_tViaje terrible.-
520 3 _aLa selección de este volumen muestra al cuentista en todo su esplendor. En "El jorobadito", uno de sus textos emblemáticos, un enano -Rigoletto- le permite al narrador escapar del compromiso amoroso, la familia y el bando "de los normales". En otros, como "Las fieras", hace un repaso de hombres que han sido maravillosos perdedores. "Acuérdate de Azerbaijan" es un pequeño melodrama que narra la historia de una venganza. Y en "Viaje terrible", un relato que es casi una nouvelle, Arlt muestra su faceta fantástica como escapatoria de la opresión urbana.
650 7 _2embne
_aLiteratura argentina
655 7 _aCuentos
_2embne
942 _2udc
_cOG
_n0
999 _c1057
_d1057